Département français dans l'ordre - Statistiques

Statistiques générales
  • Ce quiz a été pris 151 fois
  • Le résultat moyen est 43 sur 101
Statistiques - réponses
Numéros Réponses % Correct
1 Ain
100%
2 Aisne
92%
3 Allier
75%
13 Bouches du Rhône
72%
10 Aube
70%
6 Alpes Maritimes
68%
11 Aude
68%
2B Corse du Sud
68%
2A Haute Corse
68%
4 Alpes de Haute Provence
67%
14 Calvados
65%
7 Ardèche
63%
17 Charente Maritime
63%
5 Hautes Alpes
63%
8 Ardennes
62%
9 Ariège
62%
12 Aveyron
62%
15 Cantal
62%
16 Charente
62%
33 Gironde
57%
29 Finistère
55%
18 Cher
53%
21 Cote d'Or
53%
22 Cotes d'Armor
52%
19 Corrèze
50%
24 Dordogne
50%
31 Haute Garonne
50%
30 Gard
48%
42 Loire
48%
27 Eure
47%
32 Gers
47%
44 Loire Atlantique
47%
45 Loiret
47%
25 Doubs
45%
26 Drôme
45%
28 Eure et Loir
45%
43 Haute Loire
45%
39 Jura
45%
34 Hérault
43%
23 Creuse
42%
35 Ille et Vilaine
42%
36 Indre
42%
37 Indre et Loire
42%
38 Isère
42%
50 Manche
42%
51 Marne
42%
59 Nord
42%
75 Paris
42%
69 Rhône
42%
52 Haute Marne
40%
40 Landes
38%
56 Morbihan
38%
62 Pas de Calais
38%
78 Yvelines
38%
54 Meurthe et Moselle
37%
73 Savoie
37%
67 Bas Rhin
35%
74 Haute Savoie
35%
68 Haut Rhin
35%
53 Mayenne
35%
58 Nièvre
35%
60 Oise
35%
61 Orne
35%
77 Seine et Marne
35%
93 Seine Saint Denis
35%
41 Loir et Cher
33%
49 Maine et Loire
33%
57 Moselle
33%
76 Seine Maritime
33%
83 Var
33%
65 Hautes Pyrénées
32%
46 Lot
32%
64 Pyrénées Atlantiques
32%
66 Pyrénées Orientales
32%
92 Hauts de Seine
30%
72 Sarthe
30%
94 Val de Marne
30%
84 Vaucluse
30%
47 Lot et Garonne
28%
55 Meuse
28%
80 Somme
28%
81 Tarn
28%
82 Tarn et Garonne
28%
85 Vendée
28%
89 Yonne
28%
91 Essonne
27%
70 Haute Saône
27%
87 Haute Vienne
27%
48 Lozère
27%
63 Puy de Dôme
27%
86 Vienne
27%
79 Deux Sèvres
25%
971 Guadeloupe
25%
71 Saône et Loire
25%
90 Territoire de Belfort
25%
95 Val d'Oise
25%
88 Vosges
25%
972 Martinique
22%
973 Guyane
20%
974 La Réunion
20%
975 Mayotte
18%
Aucun quiz correspondant
Distribution des résultats
% des personnes avec chaque résultat
Percentile par nombre de réponses
Votre historique - résultats
Vous n’avez pas pris ce quiz